[Event "Ciocaltea mem"]
[Site "Bucharest"]
[Date "1998.??.??"]
[Round "1"]
[White "Yegiazarian, Arsen"]
[Black "Iordachescu, Viorel"]
[Result "0-1"]
[WhiteElo "2455"]
[BlackElo "2520"]

1.e4 c5 2.Nf3 e6 3.d4 cxd4 4.Nxd4 a6 5.Bd3 g6 6.O-O Bg7 7.c3 d6 8.Kh1 Nf6
9.f4 O-O 10.Qe2 Nbd7 11.Bc2 Qc7 12.f5 e5 13.Nf3 b5 14.fxg6 hxg6 15.Nbd2 Nh5
16.Ng5 Nc5 17.Ndf3 Bf6 18.Bd2 Kg7 19.Qf2 Qe7 20.b4 Ne6 21.Nxe6+ Bxe6 22.a4 Bc4
23.Rfd1 Rh8 24.Be3 bxa4 25.Bxa4 Rac8 26.Bc2 Bb5 27.Qe1 Rxc3 28.Ba4 Rc4 29.Bxb5 axb5
30.Kg1 Nf4 31.Bf2 Qe6 32.Bg3 Rhc8 33.Ra6 Be7 34.Bxf4 exf4 35.Nd4 Qe5 36.Nf3 Qxe4
37.Qxe4 Rxe4 38.Nd4 Bf6 39.Nxb5 Rc2 40.Nxd6 Ree2 41.Kh1 Be5 42.Ne8+ Kh6 43.Nf6 Rxg2
44.h3 Rh2+ 45.Kg1 Rcg2+ 46.Kf1 f3 47.Ng4+ Rxg4  0-1

[Event "Primavara"]
[Site "Bucharest"]
[Date "1998.??.??"]
[Round "7"]
[White "Tomescu, Vlad"]
[Black "Iordachescu, Viorel"]
[Result "1-0"]
[WhiteElo "2415"]
[BlackElo "2520"]

1.e4 c5 2.Nf3 e6 3.d4 cxd4 4.Nxd4 a6 5.Bd3 g6 6.f4 Bg7 7.Nf3 d6 8.O-O Nc6
9.Kh1 Nf6 10.c4 O-O 11.Nc3 b6 12.Be3 Bb7 13.Rc1 Rc8 14.Qe2 Nb8 15.Rfd1 Qc7
16.b3 Nbd7 17.Bb1 Rfd8 18.Bd4 Bh6 19.Ng5 Nh5 20.Be3 Bg7 21.Qf2 Nhf6 22.Qh4 h6
23.Nf3 Nc5 24.Nd2 Re8 25.b4 Ncd7 26.Bd3 Qb8 27.h3 Nh7 28.Qf2 Bc6 29.c5 b5
30.Nb3 dxc5 31.Nxc5 Nxc5 32.Bxc5 Nf6 33.e5 Nd7 34.Ne4 Nxc5 35.bxc5 Bxe4 36.Bxe4 Qa7
37.Kg1 g5 38.g3 Bf8 39.c6 Qxf2+ 40.Kxf2 Rc7 41.Kf3 Be7 42.Rd7 Rec8 43.Rcd1 Kf8
44.Kg4 b4 45.Kh5  1-0

[Event "Budapest FS09 IM-B"]
[Site "Budapest"]
[Date "1998.??.??"]
[Round "2"]
[White "Gara, Anita"]
[Black "Fang, Joseph"]
[Result "1-0"]
[WhiteElo "2290"]
[BlackElo "2315"]

1.e4 c5 2.Nf3 e6 3.d4 cxd4 4.Nxd4 a6 5.Bd3 Bc5 6.Nb3 Ba7 7.Nc3 Nc6 8.Qe2 d6
9.Be3 Nf6 10.O-O-O O-O 11.Bxa7 Rxa7 12.f4 e5 13.f5 b5 14.g4 b4 15.Nb1 a5
16.Bb5 a4 17.Bxc6 axb3 18.axb3 Ra1 19.g5 Ba6 20.Qf3 Nxe4 21.Rhg1 Nc5 22.Qd5 e4
23.g6 Qb6 24.gxf7+ Kh8 25.f6 g6 26.Rg3 Nd3+ 27.cxd3 Bxd3 28.Rdxd3 exd3 29.Qxd6 d2+
30.Kxd2 Qd8 31.Qxd8 Rxd8+ 32.Rd3 Rf8 33.Re3 Ra7 34.Re7  1-0

[Event "Budapest Nyar-A"]
[Site "Budapest"]
[Date "1998.??.??"]
[Round "7"]
[White "Karatorossian, David"]
[Black "Tolnai, Tibor"]
[Result "1/2-1/2"]
[WhiteElo "2395"]
[BlackElo "2560"]

1.e4 c5 2.Nf3 e6 3.d4 cxd4 4.Nxd4 a6 5.Bd3 Qb6 6.Nf3 d6 7.O-O Nf6 8.b3 Be7
9.Bb2 O-O 10.c4 Nbd7 11.Nc3 Qc7 12.Rc1 b6 13.Qe2 Bb7 14.Bb1 Rac8 15.Rfe1 Qb8
16.Nd2 Rfd8 17.Nf1 Bf8 18.Ng3 g6 19.Rcd1 Bc6 20.f4 b5 21.e5 Ne8 22.cxb5 axb5
23.Nce4 Bxe4 24.Nxe4 d5 25.Ng5 Ng7 26.Kh1 Bb4 27.Rf1 Bc3 28.Bc1 b4 29.Be3 Nc5
30.Bxc5 Rxc5 31.Qg4 h5 32.Qh4 Nf5 33.Bxf5 exf5 34.Nxf7 Kxf7 35.Qf6+ Ke8 36.Qe6+ Kf8
37.Qf6+ Ke8 38.Qe6+ Kf8  1/2-1/2

[Event "Budapest FS07 IM-B"]
[Site "Budapest"]
[Date "1998.??.??"]
[Round "7"]
[White "Toth, Andras"]
[Black "Kiss, Gedeon"]
[Result "1-0"]
[WhiteElo "2325"]
[BlackElo "2235"]

1.e4 c5 2.Nf3 e6 3.d4 cxd4 4.Nxd4 a6 5.Bd3 Nc6 6.Nxc6 dxc6 7.Nd2 e5 8.Qh5 Bd6
9.Nc4 Bc7 10.Bg5 Ne7 11.O-O-O O-O 12.Be2 Qe8 13.Nd6 Bxd6 14.Rxd6 Ng6 15.Rhd1 c5
16.Rd8 Qa4 17.Be7 Qxe4 18.Bxf8 Nxf8 19.Qf3 Qa4 20.Qc3 Qf4+ 21.Qe3 g5 22.Qxf4 gxf4
23.Re8  1-0

[Event "Golden Cleopatra"]
[Site "Cairo"]
[Date "1998.??.??"]
[Round "10"]
[White "Yasseen, Aly"]
[Black "Sax, Gyula"]
[Result "1-0"]
[WhiteElo "2325"]
[BlackElo "2535"]

1.e4 c5 2.Nf3 e6 3.d4 cxd4 4.Nxd4 a6 5.Bd3 g6 6.O-O Bg7 7.Nf3 d6 8.c4 Nf6
9.Nc3 O-O 10.h3 Nfd7 11.Bg5 Qc7 12.Rc1 Nc6 13.Qe2 Nde5 14.Rfd1 h6 15.Be3 Bd7
16.Nd2 Nxd3 17.Qxd3 Ne5 18.Qe2 Rac8 19.b3 Qb8 20.f4 Nc6 21.Nf3 Ne7 22.e5 Rc6
23.exd6 Nf5 24.Ne5 Rd8 25.Ne4 b6 26.Bf2 h5 27.c5 bxc5 28.Nxc5 Rxc5 29.Bxc5 Bb5
30.Qf2 Nxd6 31.Bb6 Rc8 32.Rxc8+ Nxc8 33.Rd8+ Kh7 34.Ba5 Qb7 35.a4 Bc6 36.Nxf7 Qxf7
37.Rxc8 Qf5 38.Bb6 Bd5 39.Rc7 Kh6 40.Bd4 Bf8 41.g4 Qb1+ 42.Kh2 Qh1+ 43.Kg3  1-0

[Event "Golden Cleopatra"]
[Site "Cairo"]
[Date "1998.??.??"]
[Round "10"]
[White "Sarwat, Walaa"]
[Black "Cherevatenko, Roman"]
[Result "1-0"]
[WhiteElo "2310"]
[BlackElo "2385"]

1.e4 c5 2.Nf3 a6 3.d4 cxd4 4.Nxd4 e6 5.Bd3 Nc6 6.Be3 Nf6 7.O-O Qc7 8.Nxc6 dxc6
9.a4 Bd6 10.f4 e5 11.f5 Qa5 12.Kh1 Bc5 13.Bd2 Qc7 14.a5 Bd4 15.Ra2 h5 16.Na3 Ng4
17.Qe2 Qe7 18.h3 Bd7 19.Nc4 O-O-O 20.Ra3 Kb8 21.Rb3 c5 22.Nb6 Bc6 23.Bxa6 Ka7
24.Bd3 Qh4 25.Be1 Qg5 26.Nc4 g6 27.f6 Ba4 28.Rb6 Rd7 29.h4 Qh6 30.Bd2 Qf8
31.a6 Bc6 32.axb7 Bxb7 33.g3 Qc8 34.Kg2 Rhd8 35.Rb3 Rd6 36.Nxd6 Rxd6 37.Ra1+ Kb8
38.Ba6 Rxa6 39.Qxa6 c4 40.Qd6+ Qc7 41.Rxb7+ Kxb7 42.Qa6+  1-0

[Event "Doeberl Cup"]
[Site "Canberra"]
[Date "1998.??.??"]
[Round "6"]
[White "Martin, Benjamin"]
[Black "Johansen, Darryl K"]
[Result "1/2-1/2"]
[WhiteElo "2375"]
[BlackElo "2490"]

1.e4 c5 2.Nf3 e6 3.d4 cxd4 4.Nxd4 a6 5.Bd3 Qb6 6.c3 Nc6 7.O-O Bc5 8.Nb3 Be7
9.Be3 Qc7 10.c4 Ne5 11.Nc3 Nf6 12.Be2 d6 13.Rc1 b6 14.f4 Ned7 15.Bf3 Bb7
16.Qe2 Rc8 17.Nd2 O-O 18.g4 h6 19.h4 Rfe8 20.g5 hxg5 21.hxg5 Nh7 22.Rf2 e5
23.g6 fxg6 24.Bg4 Bh4 25.Rg2 exf4 26.Bxf4 g5 27.Be3 Re7 28.Bf5 Rf8 29.Rf1 Nhf6
30.Nd5 Bxd5 31.cxd5 Rfe8 32.Be6+  1/2-1/2

[Event "Cannes Generations"]
[Site "Cannes"]
[Date "1998.??.??"]
[Round "6"]
[White "Shaked, Tal"]
[Black "Taimanov, Mark E"]
[Result "1/2-1/2"]
[WhiteElo "2535"]
[BlackElo "2490"]

1.e4 c5 2.Nf3 e6 3.d4 cxd4 4.Nxd4 a6 5.Bd3 Nc6 6.Nxc6 bxc6 7.O-O d5 8.Nd2 Nf6
9.Qe2 Be7 10.b3 O-O 11.Bb2 a5 12.f4 c5 13.c4 Bb7 14.cxd5 exd5 15.e5 Ne8 16.f5 f6
17.e6 a4 18.Rf4 axb3 19.axb3 c4 20.Bb1 Qc7 21.Rf3 Nd6 22.Rh3 Rxa1 23.Bxa1 cxb3
24.Nxb3 Ne4 25.Bd4 Rc8 26.Qh5 Ng5 27.Rc3 Qd8 28.h4 Ne4 29.Bxe4 dxe4 30.Qf7+ Kh8
31.Rg3 Qf8 32.Qxf8+ Rxf8 33.Bc5 Re8 34.Bxe7 Rxe7 35.Nc5 g6 36.Rb3 Bd5 37.Rb8+ Kg7
38.g4 h5 39.Rc8 Bb7 40.Rd8 Bc6 41.Rd6 Be8 42.fxg6 Bxg6 43.gxh5 Bxh5 44.Nxe4 Bg4
45.Nc5 f5 46.Kf2 f4 47.Rd4 Bxe6 48.Kf3 Bc8 49.Kxf4 Rf7+ 50.Kg3 Kh6 51.Rd6+ Kh5
52.Ne4 Rg7+ 53.Kf4 Rg4+ 54.Ke5 Rxh4 55.Rd8 Bb7 56.Nd6 Ba6 57.Nf5 Rb4 58.Rh8+ Kg5
59.Rg8+ Kh5  1/2-1/2

[Event "Cappelle op"]
[Site "Cappelle la Grande"]
[Date "1998.??.??"]
[Round "1"]
[White "Aleksieva, Silvia"]
[Black "Timoshchenko, Gennadi A"]
[Result "1/2-1/2"]
[WhiteElo "2345"]
[BlackElo "2520"]

1.e4 c5 2.Nf3 e6 3.d4 cxd4 4.Nxd4 a6 5.Bd3 Bc5 6.Nb3 Ba7 7.Qe2 Nc6 8.Be3 d6
9.O-O Nge7 10.Nc3 b5 11.Bxa7 Rxa7 12.a4 b4 13.Nd1 Ne5 14.Ne3 O-O 15.Rfd1 Nxd3
16.Qxd3 Rd7 17.Qd2 Nc6 18.a5 Qc7 19.Nc5  1/2-1/2

[Event "Cappelle op"]
[Site "Cappelle la Grande"]
[Date "1998.??.??"]
[Round "7"]
[White "De Vreugt, Dennis"]
[Black "Timoshchenko, Gennadi A"]
[Result "0-1"]
[WhiteElo "2380"]
[BlackElo "2520"]

1.e4 c5 2.Nf3 e6 3.d4 cxd4 4.Nxd4 a6 5.Bd3 Nf6 6.O-O Qc7 7.Qe2 d6 8.c4 g6
9.Nc3 Bg7 10.Rd1 O-O 11.Nf3 Nbd7 12.Bf4 Nh5 13.Be3 Re8 14.Qd2 Bf8 15.Be2 b6
16.b3 Bb7 17.e5 Nxe5 18.Nxe5 dxe5 19.Bxh5 gxh5 20.Qd7 Qxd7 21.Rxd7 Rab8 22.Rad1 b5
23.Ba7 Bc6 24.Bxb8 Bxd7 25.Bxe5 Bc6 26.f3 bxc4 27.bxc4 Rc8 28.Kf2 Be7 29.Ke3 f6
30.Bd6 Bd8 31.c5 Kf7 32.Rb1 Ba5 33.Ne4 Rg8 34.Rb2 f5 35.Ng3 h4 36.Nh5 e5
37.Bxe5 Re8 38.Kf4 Kg6 39.g4 hxg3 40.Nxg3 Bd8 41.Ne4 fxe4 42.Rg2+ Kh5 43.fxe4 h6
44.Rg7 Bg5+ 45.Kf5 Bb5 46.Bf6 Bxf6 47.Kxf6 Rxe4 48.Rg6 Rg4 49.Rg7 Rc4 50.Rg3 Rxc5
51.Rh3+ Kg4 52.Rxh6 Rc6+ 53.Kg7 Rxh6 54.Kxh6 Kf5 55.a3 a5 56.Kh5 a4 57.Kh4 Ke4  0-1

[Event "Ceske Budejovice op"]
[Site "Ceske Budejovice"]
[Date "1998.??.??"]
[Round "?"]
[White "Hermansson, Emil"]
[Black "Kozlov, Oleg"]
[Result "1-0"]
[WhiteElo "2340"]
[BlackElo "2410"]

1.e4 c5 2.Nf3 e6 3.d4 cxd4 4.Nxd4 a6 5.Bd3 Nc6 6.Nxc6 dxc6 7.Nd2 e5 8.Nc4 Ne7
9.Be3 Ng6 10.Nb6 Rb8 11.Bc4 Qc7 12.Qf3 Bd6 13.O-O-O O-O 14.Rd2 c5 15.Nd5 Qc6
16.Rhd1 Kh8 17.Nf6 Be7 18.Nd7 Bxd7 19.Rxd7 b5 20.Bxf7 c4 21.Qf5 c3 22.Qe6 cxb2+
23.Kb1 Qxe6 24.Bxe6 Bb4 25.Kxb2 Nf4 26.Bxf4 exf4 27.f3 Rbe8 28.Bd5 Re7 29.Bc6 Re6
30.Bb7 Be7 31.Kb3 a5 32.a4 bxa4+ 33.Kxa4 Bb4 34.Rd8 Ree8 35.Rxe8 Rxe8 36.Rd3 Rb8
37.c3 Be7 38.Rd7 Bd8 39.c4 h5 40.c5 Bf6 41.c6 Rd8 42.c7  1-0

[Event "Chemnitz op"]
[Site "Chemnitz"]
[Date "1998.??.??"]
[Round "3"]
[White "Vogt, Lothar"]
[Black "Gerstner, Wolfgang"]
[Result "1-0"]
[WhiteElo "2510"]
[BlackElo "2360"]

1.e4 c5 2.Nf3 e6 3.d4 cxd4 4.Nxd4 a6 5.Bd3 Nc6 6.Nxc6 dxc6 7.Nd2 Qd7 8.b3 e5
9.Bb2 Ne7 10.h4 b5 11.h5 h6 12.c4 b4 13.c5 Ng8 14.Nc4 f6 15.Nb6 Ra7 16.Nxc8 Qxc8
17.Qc2 Qg4 18.f3 Qe6 19.O-O-O Qe7 20.Kb1 a5 21.Rc1 Qc7 22.f4 exf4 23.e5 Be7
24.Bc4  1-0

[Event "Chemnitz op"]
[Site "Chemnitz"]
[Date "1998.??.??"]
[Round "5"]
[White "Kulaots, Kaido"]
[Black "Jaenig, Reinhard"]
[Result "1-0"]
[WhiteElo "2450"]
[BlackElo "2215"]

1.e4 c5 2.Nf3 e6 3.d4 cxd4 4.Nxd4 a6 5.Bd3 Nf6 6.O-O Bc5 7.Nb3 Bd6 8.f4 Qb6+
9.Kh1 e5 10.N1d2 Nc6 11.Nc4 Qc7 12.Be3 Be7 13.fxe5 Nxe5 14.Nxe5 Qxe5 15.Bd4 Qg5
16.e5 Ng4 17.Qf3 O-O 18.h3 Nh6 19.Be3 Qh4 20.Bf4 Rb8 21.Qe4 g6 22.e6 f5 23.Qe1  1-0

[Event "Chemnitz op"]
[Site "Chemnitz"]
[Date "1998.??.??"]
[Round "9"]
[White "Womacka, Mathias"]
[Black "Bakhtadze, Giorgi"]
[Result "1-0"]
[WhiteElo "2480"]
[BlackElo "2390"]

1.e4 c5 2.Nf3 e6 3.d4 cxd4 4.Nxd4 a6 5.Bd3 Nf6 6.O-O d6 7.c4 b6 8.f4 g6 9.f5 Bg7
10.fxe6 fxe6 11.Bg5 O-O 12.Nc3 Qe8 13.Bc2 Bd7 14.Nf3 Qe7 15.Qd2 Rc8 16.Kh1 Rc5
17.e5 dxe5 18.Ne4 Rxc4 19.Nxe5 Rxe4 20.Bxf6 Bxf6 21.Bxe4 Bxe5 22.Bxa8 Nc6
23.Rad1 Qh4 24.g3 Bxg3 25.Qg2  1-0

[Event "CZE-ch U18"]
[Site "CZE"]
[Date "1998.??.??"]
[Round "?"]
[White "Pirklova, Hana"]
[Black "Novak, Michal"]
[Result "0-1"]
[WhiteElo "1850"]
[BlackElo "1875"]

1.e4 c5 2.Nf3 e6 3.d4 cxd4 4.Nxd4 a6 5.Bd3 b5 6.O-O Be7 7.Nc3 Qc7 8.Be3 Bb7
9.Qg4 Nf6 10.Qxg7 Rg8 11.Qh6 b4 12.Nce2 Nxe4 13.f3 Nf6 14.c3 bxc3 15.Nxc3 Nc6
16.Nxc6 Bxc6 17.Kh1 Qb7 18.b3 Ng4 19.Qxh7 Nf6 20.Qh3 Bd6 21.Bd4 Nd5 22.Nxd5 Bxd5
23.Qh7 O-O-O 24.Qh6 f5 25.Qe3 Kb8 26.Qe2 a5 27.Rac1 Rde8 28.Ba6 Qb4 29.a3 Qxd4
30.Qb5+ Ka8 31.Qxa5 Qa7 32.Rfd1 Rh8 33.h3 Rxh3+  0-1

[Event "CZE-ch U18"]
[Site "CZE"]
[Date "1998.??.??"]
[Round "?"]
[White "Sochor, Jiri"]
[Black "Rozsypal, Filip"]
[Result "1/2-1/2"]
[WhiteElo "1900"]
[BlackElo "1770"]

1.e4 c5 2.Nf3 e6 3.d4 cxd4 4.Nxd4 a6 5.Bd3 Qc7 6.O-O b5 7.Be3 Bb7 8.Nc3 Nf6
9.g4 b4 10.g5 bxc3 11.gxf6 gxf6 12.Qg4 cxb2 13.Rab1 Nc6 14.Nxc6 Qxc6 15.Rxb2 f5
16.Qg2 fxe4 17.Bd4 exd3 18.Rxb7 Qxg2+ 19.Kxg2 Rg8+ 20.Kf3 dxc2 21.Rc7 Bd6
22.Rxc2 Ke7 23.h3 Rac8 24.Rfc1 Rxc2 25.Rxc2 e5 26.Bc5 Bxc5 27.Rxc5 Kd6 28.Ra5 Rc8
29.Rxa6+ Rc6 30.Ra8 Rc3+ 31.Ke4 Rc4+ 32.Kf3 Ke6 33.a4 d5 34.a5 d4 35.a6 Ra4
36.a7 Ke7 37.Ke4 Ra3 38.h4 d3 39.Ke3 e4 40.f3  1/2-1/2

[Event "Moravia-chT 9899"]
[Site "CZE"]
[Date "1998.??.??"]
[Round "4"]
[White "Rehurek, Lukas"]
[Black "Riska, Lubomir"]
[Result "0-1"]
[WhiteElo "1980"]
[BlackElo "2225"]

1.e4 c5 2.Nf3 e6 3.d4 cxd4 4.Nxd4 a6 5.Bd3 Nc6 6.Nxc6 bxc6 7.c4 Nf6 8.O-O d5
9.Nc3 Be7 10.Re1 d4 11.Ne2 e5 12.f4 Ng4 13.h3 Ne3 14.Bxe3 dxe3 15.fxe5 Bh4
16.Rf1 Bf2+ 17.Kh2 Qg5 18.g3 h5 19.Rh1 Qxe5 20.Kg2 Rb8 21.b3 Rh6 22.Nf4 Bxg3
23.Kxg3 Rg6+ 24.Kf3 Rf6 25.Kxe3 Qxf4+ 26.Kd4 c5+ 27.Kc3 Qe5+ 28.Kd2 Qb2+  0-1

[Event "POL-ch sf"]
[Site "Czestochowa"]
[Date "1998.??.??"]
[Round "1"]
[White "Bartel, Mateusz"]
[Black "Stryjecki, Marek"]
[Result "1-0"]
[WhiteElo "2160"]
[BlackElo "2325"]

1.e4 c5 2.Nf3 e6 3.d4 cxd4 4.Nxd4 a6 5.Bd3 Qb6 6.Nb3 Qc7 7.O-O d6 8.Nc3 Nf6
9.f4 Nbd7 10.a4 b6 11.Qe2 Bb7 12.Kh1 Be7 13.Bd2 O-O 14.Rae1 e5 15.Qf2 Rad8
16.Qg3 Nh5 17.Qh3 Nxf4 18.Bxf4 exf4 19.Nd5 Bxd5 20.exd5 Nf6 21.Rxf4 g6 22.Qf3 Nh5
23.Rfe4 Bg5 24.h4 Bf6 25.g4 Bxh4 26.gxh5 Bxe1 27.Qf6 Qd7 28.Kh2 h6 29.Rxe1 Qg4
30.hxg6 Qh5+ 31.Kg3 Qxd5 32.g7 Rfe8 33.Qxh6 f5 34.Qh8+ Kf7 35.Qh5+ Kf6 36.Qh6+ Kf7
37.Bc4 Qxc4 38.Qh5+ Kxg7 39.Rxe8 Rxe8 40.Qxe8 Qxc2 41.Qe7+ Kg8 42.Qe6+ Kh8
43.Qf6+ Kg8 44.Qc3 Qe4 45.Nd4 Qe5+ 46.Kf3 Kf7 47.Qc7+ Kg6 48.Qxb6 Kh5 49.Ne2 Qe4+
50.Kf2 Qxa4 51.Qxd6 Qc2 52.Qf6 a5 53.Qc3 Qa4 54.Nd4 Qd7 55.Qc5 Kg4 56.Nf3 Qa4
57.Qd4+ Qxd4+ 58.Nxd4 Kf4 59.Nb3 a4 60.Nc5  1-0

[Event "POL-ch sf"]
[Site "Czestochowa"]
[Date "1998.??.??"]
[Round "5"]
[White "Nurkiewicz, Maciej"]
[Black "Kaszowski, Dariusz"]
[Result "1-0"]
[WhiteElo "2285"]
[BlackElo "2295"]

1.e4 c5 2.Nf3 e6 3.d4 cxd4 4.Nxd4 a6 5.Bd3 Nf6 6.Nc3 Qc7 7.O-O Nc6 8.Nb3 b5
9.f4 d6 10.Qf3 Bb7 11.a3 Be7 12.Qg3 O-O 13.Kh1 b4 14.axb4 Nxb4 15.Na5 d5
16.e5 Ne4 17.Bxe4 dxe4 18.Nxb7 Qxb7 19.f5 Kh8 20.f6 gxf6 21.exf6 Rg8 22.Qh3 Bd8
23.Bh6 Rg6 24.Bg7+ Kg8 25.Rf4 h6 26.Raf1 Nd5 27.Rg4 Bc7 28.Rxg6  1-0

[Event "Decin op-A"]
[Site "Decin"]
[Date "1998.??.??"]
[Round "4"]
[White "Virovlansky, Semen"]
[Black "Moroz, Alexander"]
[Result "0-1"]
[WhiteElo "2380"]
[BlackElo "2490"]

1.e4 c5 2.Nf3 e6 3.d4 cxd4 4.Nxd4 a6 5.Bd3 Qc7 6.O-O Nf6 7.Nc3 b5 8.Bg5 Bb7
9.a3 Bc5 10.Nb3 Be7 11.f4 d6 12.Qe2 h6 13.Bh4 Nbd7 14.Bg3 h5 15.Rae1 h4 16.Bf2 h3
17.g3 Nc5 18.Nd4 g6 19.Rc1 e5 20.fxe5 dxe5 21.Nb3 Ne6 22.a4 b4 23.Nb1 Ng5
24.N1d2 O-O 25.c3 bxc3 26.Rxc3 Qd8 27.Nc5 Bc8 28.b4 Ng4 29.Ndb3 Nxf2 30.Rxf2 Qb6
31.Rc4 Be6 32.a5 Qa7 33.Nxe6 Nxe6 34.Rc6 Nd4 35.Nxd4 Qxd4 36.Bc4 Kg7 37.Qg4 Bd6
38.Qd7 Rad8 39.Qb7 Rb8 40.Qxa6 Bxb4 41.Rc7 Bc5 42.Qf6+ Kh7 43.Qh4+ Kg8 44.Rxc5 Rb1+
45.Bf1 Rxf1+  0-1

[Event "Decin op-A"]
[Site "Decin"]
[Date "1998.??.??"]
[Round "6"]
[White "Dochev, Dimitar"]
[Black "Voloshin, Leonid"]
[Result "1/2-1/2"]
[WhiteElo "2360"]
[BlackElo "2440"]

1.e4 c5 2.Nf3 e6 3.d4 cxd4 4.Nxd4 a6 5.Bd3 Bc5 6.Nb3 Ba7 7.Nc3 Nc6 8.Qe2 d6
9.Be3 Bxe3 10.Qxe3 Nf6 11.g4 O-O 12.g5 Nd7 13.O-O-O Qc7 14.h4 b5 15.Kb1 b4
16.Ne2 Qb6 17.Qg3 Nce5 18.f4 Nxd3 19.Qxd3 Nc5 20.Qd4 Rb8 21.Ng3 e5 22.fxe5 Nxb3  1/2-1/2

[Event "Decin op-A"]
[Site "Decin"]
[Date "1998.??.??"]
[Round "7"]
[White "Turov, Maxim"]
[Black "Kozlov, Oleg"]
[Result "1/2-1/2"]
[WhiteElo "2460"]
[BlackElo "2410"]

1.e4 c5 2.Nf3 e6 3.d4 cxd4 4.Nxd4 a6 5.Bd3 Nf6 6.O-O d6 7.c4 Bd7 8.Nc3 Nc6
9.Nxc6 Bxc6 10.Qe2 Be7 11.Rd1 Nd7 12.Bf4 O-O 13.Rac1 Re8 14.Bb1 Bg5 15.Bxg5 Qxg5
16.Qd2 Qxd2 17.Rxd2 Nb6 18.b3 Nc8 19.Ne2 b6 20.Nd4 Bb7 21.a4 Kf8 22.a5 bxa5
23.Ra2 Nb6 24.Rxa5 Rec8 25.Bd3 Rc5 26.Rca1 Rac8 27.f3 Rxa5 28.Rxa5 Rc5 29.Ra1 Ke7
30.b4 Rc8 31.Rc1 Kd7 32.Kf2  1/2-1/2

[Event "DEN-ch cand"]
[Site "Denmark"]
[Date "1998.??.??"]
[Round "2"]
[White "Holmsgaard, Henrik"]
[Black "Jacobsen, Lars Veno"]
[Result "1-0"]
[WhiteElo "2330"]
[BlackElo "2340"]

1.e4 c5 2.Nf3 e6 3.d4 cxd4 4.Nxd4 a6 5.Bd3 Qb6 6.Nb3 Qc7 7.O-O Nf6 8.Nc3 d6
9.f4 Be7 10.Be3 Nc6 11.a4 b6 12.Qe2 Bb7 13.Rae1 Nb4 14.Kh1 O-O 15.Nd4 Rac8
16.Rf3 Rfe8 17.Rh3 Bf8 18.Qf2 Nxd3 19.cxd3 Qd8 20.Qh4 g6 21.Rf1 Nh5 22.Qf2 Nf6
23.Qh4 Nh5 24.Qf2 Nf6 25.Qg3 Bg7 26.f5 e5 27.Nf3 d5 28.Bg5 dxe4 29.dxe4 Qd3
30.Re1  1-0

[Event "Dieren op"]
[Site "Dieren"]
[Date "1998.??.??"]
[Round "2"]
[White "De Mie, Mariska"]
[Black "Reinderman, Dimitri"]
[Result "0-1"]
[WhiteElo "2130"]
[BlackElo "2480"]

1.e4 c5 2.Nf3 e6 3.d4 cxd4 4.Nxd4 a6 5.Bd3 Bc5 6.Nb3 Ba7 7.c4 Nc6 8.Qe2 Nd4
9.Nxd4 Bxd4 10.Nd2 d6 11.O-O e5 12.Nb3 Ba7 13.Kh1 Nf6 14.Bg5 h6 15.Be3 Bxe3
16.Qxe3 b6 17.Rad1 O-O 18.Nc1 Be6 19.Ne2 Ng4 20.Qg3 b5 21.c5 dxc5 22.Bxb5 Qb6
23.Bd7 Bxd7 24.Rxd7 Nf6 25.Rdd1 Nxe4 26.Qe3 Nf6 27.b3 Rfe8 28.Nc3 Qa5 29.Nd5 Nxd5
30.Rxd5 Qxa2 31.Rxc5 Rab8 32.Rc3 Rbd8 33.Rc7 e4 34.Qc3 Rd3 35.Qc4 Re6 36.b4 Qe2
37.Qc1 Rd4 38.Rb7 Rf6 39.Qe1 Qxe1 40.Rxe1 Rxf2 41.Kg1 Rdd2 42.Rxe4 Rxg2+  0-1

[Event "Dieren op"]
[Site "Dieren"]
[Date "1998.??.??"]
[Round "3"]
[White "De Pender, Paul"]
[Black "Hoeksema, Hendrik Pieter"]
[Result "0-1"]
[WhiteElo "2175"]
[BlackElo "2405"]

1.e4 c5 2.Nf3 e6 3.d4 cxd4 4.Nxd4 a6 5.Bd3 Qb6 6.Nf3 d6 7.O-O Nd7 8.c4 Ngf6
9.Nc3 Be7 10.b3 Qc7 11.Qc2 b6 12.Bb2 Nc5 13.Rfe1 Nxd3 14.Qxd3 Bb7 15.Nd4 O-O
16.Rad1 Rad8 17.Qg3 Rfe8 18.Re2 Bf8 19.Nc2 Rc8 20.Kf1 Qb8 21.f3 b5 22.cxb5 axb5
23.b4 Nd7 24.Ke1 Ne5 25.Nxb5 Ba6 26.a4 Bxb5 27.axb5 Qxb5 28.Bxe5 dxe5 29.Qg5 Rc3
30.Kf2 h6 31.Qd2 Rec8 32.Ne3 Bxb4 33.Qd7 Qxd7 34.Rxd7 Bc5 35.Rd1 f5  0-1

[Event "Dieren op"]
[Site "Dieren"]
[Date "1998.??.??"]
[Round "4"]
[White "Den Dekker, W."]
[Black "Tagnon, Nicole"]
[Result "0-1"]
[WhiteElo "2210"]
[BlackElo "2080"]

1.e4 c5 2.Nf3 e6 3.d4 cxd4 4.Nxd4 a6 5.Bd3 Nf6 6.Nc3 Qc7 7.a4 b6 8.O-O Bb7
9.Kh1 d6 10.f4 Nbd7 11.Nb3 Be7 12.Qe2 O-O 13.Bd2 Rfc8 14.Rf3 Nc5 15.Nxc5 bxc5
16.b3 d5 17.exd5 exd5 18.Rh3 h6 19.Qf2 d4 20.Ne2 Qd7 21.Ng3 Qxh3 22.Bf5 Ng4
23.Qg1 Re8 24.Ne4 Qh4 25.Be1 Qh5 26.Ng3 Qh3  0-1

[Event "Dieren op"]
[Site "Dieren"]
[Date "1998.??.??"]
[Round "5"]
[White "Willemze, Jeroen"]
[Black "De Vreugt, Dennis"]
[Result "1-0"]
[WhiteElo "2290"]
[BlackElo "2380"]

1.e4 c5 2.Nf3 e6 3.d4 cxd4 4.Nxd4 a6 5.Bd3 Bc5 6.Nb3 Ba7 7.Nc3 Nc6 8.Qe2 b5
9.e5 Qc7 10.f4 f5 11.Be3 Nge7 12.a3 b4 13.axb4 Nxb4 14.Bxa7 Rxa7 15.Qe3 Rb7
16.O-O O-O 17.Ra4 Rb6 18.Rd1 Bb7 19.Qc5 Qc6 20.Qxc6 Bxc6 21.Ra5 Nxd3 22.Rxd3 Rc8
23.Rd6 Rc7 24.Na4 Rb4 25.Nac5 Rxf4 26.g3 Rc4 27.c3 Nc8 28.Rd1 Nb6 29.Nxa6 Rc8
30.Nb4 Ba4 31.Rd6 Bxb3 32.Rxb6 Re4 33.Rb7 Rd8 34.Rc7 Re2 35.Nd3 Bc2 36.Nc5 Rxe5
37.b4 Re3 38.Nb7 Rb8 39.b5 Be4 40.Nd6 Rd3 41.Ra6 h6 42.c4 Bc6 43.Rc8+ Rxc8
44.Nxc8 Bb7 45.Rd6 Rc3 46.Rxd7 Bf3 47.Nd6 g5 48.b6 Rd3 49.Rd8+ Kh7 50.b7 Bxb7
51.Nxb7 Rc3 52.c5 e5 53.Rd5 Rc2 54.Rxe5 Kg6 55.Re6+ Kh5 56.Re5 Kg4 57.Nd6 f4
58.gxf4 gxf4 59.Nf5 Rc1+ 60.Kf2 Rc2+ 61.Ke1 Rxh2 62.Nd4 Rh1+ 63.Kd2 Rh2+
64.Kd3 Rh1 65.Re4 Rc1 66.Rxf4+ Kg5 67.Rf2 h5 68.Rc2 Rf1 69.c6  1-0

[Event "Dieren op"]
[Site "Dieren"]
[Date "1998.??.??"]
[Round "7"]
[White "Anka, Emil"]
[Black "Nijboer, Friso"]
[Result "1-0"]
[WhiteElo "2420"]
[BlackElo "2580"]

1.e4 c5 2.Nf3 e6 3.d4 cxd4 4.Nxd4 a6 5.Bd3 g6 6.c4 Bg7 7.Nb3 Nc6 8.O-O Nge7
9.Nc3 O-O 10.Bg5 h6 11.Bh4 g5 12.Bg3 Ne5 13.f4 gxf4 14.Bxf4 N7g6 15.Be3 b6
16.Be2 Bb7 17.Qd2 Kh7 18.Nd4 Rc8 19.b3 d6 20.Rac1 Qe7 21.Rf2 Nd7 22.Rf3 Rh8
23.Rcf1 Nf6 24.Bd1 Rc7 25.Bc2 b5 26.Nd5 exd5 27.Nf5 Nxe4 28.Nxe7 Nxd2 29.Rxf7 Ne4
30.Nxg6 Rhc8 31.Ne7 Re8 32.Rxg7+ Kxg7 33.Bd4+ Nf6 34.Bxf6+ Kf8 35.Bh4+  1-0

[Event "Dieren op"]
[Site "Dieren"]
[Date "1998.??.??"]
[Round "8"]
[White "Berelovich, Aleksandar"]
[Black "Anka, Emil"]
[Result "1-0"]
[WhiteElo "2515"]
[BlackElo "2420"]

1.e4 c5 2.Nf3 e6 3.d4 cxd4 4.Nxd4 a6 5.Bd3 d5 6.exd5 Qxd5 7.O-O Nf6 8.Nc3 Qd8
9.Bf4 Be7 10.Be2 Bd7 11.Bf3 Nc6 12.Nb3 O-O 13.Qd2 b5 14.Rfd1 Qb6 15.Qe3 Qxe3
16.Bxe3 Rac8 17.Nc5 Ne5 18.Nxd7 Nexd7 19.Bb7 Rc7 20.Bxa6 b4 21.Na4 Rxc2 22.Rac1 Rxc1
23.Rxc1 Nd5 24.Bd2 Ra8 25.Rc8+ Rxc8 26.Bxc8 N7b6 27.Nxb6 Nxb6 28.Ba6 Na4
29.Bc1 Bf6 30.Bd2 Be7 31.Bc1 Bf6 32.b3 Nc3 33.a4 Nxa4 34.bxa4 b3 35.Bd3  1-0

[Event "Dos Hermanas op"]
[Site "Dos Hermanas"]
[Date "1998.??.??"]
[Round "4"]
[White "Rodriguez Lopez, Rafael"]
[Black "Spraggett, Kevin"]
[Result "0-1"]
[WhiteElo "2285"]
[BlackElo "2565"]

1.e4 c5 2.Nf3 e6 3.d4 cxd4 4.Nxd4 a6 5.Bd3 Nf6 6.O-O Qc7 7.Qe2 d6 8.c4 Be7
9.Nc3 O-O 10.Rd1 Nbd7 11.Nf3 b6 12.Bf4 Bb7 13.Rac1 Ng4 14.Qe1 Nge5 15.Be2 Rac8
16.Nd2 Qb8 17.Be3 Bc6 18.Qf1 Nf6 19.f3 Rfe8 20.Kh1 Bd8 21.b4 Bc7 22.Bg1 Ng6
23.Bd4 Nd7 24.Qg1 Rcd8 25.Nb3 Ba8 26.Bf1 Nge5 27.Rb1 Nc6 28.a3 Nxd4 29.Nxd4 Nf6
30.Bd3 Nd7 31.Be2 Rc8 32.Rbc1 h6 33.Rc2 Bd8 34.Qf1 Bf6 35.f4 Be7 36.f5 Bf6
37.fxe6 fxe6 38.Bg4 Nf8 39.Qd3 Qc7 40.Qh3 Qf7 41.Rf2 Rxc4 42.Bh5 Qe7 43.Bxe8 Bxd4
44.Bf7+ Kh8 45.Rxd4 Rxd4 46.Qe3 e5 47.h3 Nh7 48.Bd5 Bxd5 49.Nxd5 Qh4 50.Rc2 Ng5
51.Nxb6 Nxe4 52.Qf3 Qf4 53.Qxf4 exf4 54.Rc4 Rd1+ 55.Kh2 f3 56.gxf3 Rd2+ 57.Kg1 Ng5
58.f4 Nxh3+ 59.Kf1 d5 60.Rc8+ Kh7 61.Ra8 Nxf4 62.Rxa6 h5 63.Nd7 Rb2 64.Rb6 Ra2
65.Ra6 h4 66.Ne5 h3 67.Kg1 Rg2+ 68.Kh1 Nh5 69.Rg6  0-1

[Event "Centrocoop June op-A"]
[Site "Eforie Nord "]
[Date "1998.??.??"]
[Round "?"]
[White "Podgurkii, Stepan"]
[Black "Tangen Knut, Lenart"]
[Result "1-0"]
[WhiteElo "2165"]
[BlackElo "2000"]

1.e4 c5 2.Nf3 e6 3.d4 cxd4 4.Nxd4 a6 5.Bd3 g6 6.c4 Bg7 7.Nb3 Nc6 8.Nc3 Nf6
9.Bf4 d5 10.exd5 exd5 11.O-O O-O 12.c5 b6 13.cxb6 Qxb6 14.Rc1 Bg4 15.Qd2 Na5
16.Nxa5 Qxa5 17.b3 Rfe8 18.Rfe1 Rxe1+ 19.Qxe1 Re8 20.Qd2 Bf8 21.Nb1 Qxd2
22.Bxd2 Be2 23.Bxe2 Rxe2 24.Kf1 Re6 25.Rc8 Kg7 26.Bc3 Be7 27.Nd2 Kh6 28.Nf3 Ne4
29.Bd4 g5 30.h3 Nd6 31.Rc5 Ne4 32.Rxd5 Rc6 33.Re5 Re6 34.Rxe6+ fxe6 35.Ke2 Nf6
36.Bxf6 Bxf6 37.Kd3 Kg6 38.Ke4 Kf7 39.Kd3 Ke7 40.Nd2 Kd7 41.Ne4 Be7 42.Kc4 Kc6
43.b4 h6 44.a4 Bf8 45.g4 Be7 46.a5 e5 47.f3 Bf8 48.Nc5  1-0